| 000 | 00676nam a2200193 4500 | ||
|---|---|---|---|
| 001 | 131519 | ||
| 003 | ES-MaACL | ||
| 005 | 20240203062547.0 | ||
| 007 | t| | ||
| 008 | 070214s1913 sp r ||||1| spa d | ||
| 100 | 1 |
_aRodríguez y Fernández, Ildefonso. _998869 |
|
| 245 | 1 | 3 |
_aEl racionalismo y las ciencias _b: discurso leído en la inauguración del curso de 1913 a 1914 / _cpor Ildefonso Rodríguez y Fernández. |
| 260 |
_aMadrid : _b[s. n.], _c1913 ( _fImp. Colonial) |
||
| 300 |
_a79 p. ; _c27 cm. |
||
| 500 | _aPrecede al tít.: Universidad Central. | ||
| 710 | 2 |
_aUniversidad Central (Madrid) _97084 |
|
| 852 |
_aES-MaACL _jT-1353-F-6 |
||
| 999 |
_c131519 _d131519 |
||